| 000 | 00722nam a2200193 aa4500 | ||
|---|---|---|---|
| 001 | 4217 | ||
| 003 | CDMR | ||
| 005 | 20151016124801.0 | ||
| 007 | ta | ||
| 008 | 130130s2002||||cat|||||||||||||||||cat|d | ||
| 040 |
_aCDMR _bcat _cCDMR |
||
| 245 | 0 | 0 |
_aCodi Deontològic _b: declaració de principis de la professió periodística a Catalunya |
| 260 |
_aBarcelona _c2002 _bCol.legi de Periodistes de Catalunya |
||
| 300 | _a[8] p. | ||
| 500 | _aDos fulls solts sobre pràctica periodística enconflictes bél·lics o armats que el complementen | ||
| 710 | 2 |
_9133 _aCol·legi de Periodistes de Catalunya |
|
| 856 | 4 | 0 |
_uhttps://www.periodistes.cat/ca/home/periodisme/codi-deontologic.html _yDisponible en línia |
| 942 |
_cFULLET _2udc |
||
| 999 |
_c4217 _d4217 |
||